000 00382nam a22001457a 4500
005 20200618134528.0
008 200618b xxu||||| |||| 00| 0 eng d
082 _a345.4 AIR
110 _aALL INDIA REPORTER
_96168
245 _aALL INDIA REPORTER [1994] [VOL-81] DELHI SECTION
260 _bALL INDIA REPORTER, PVT. LTD.
300 _a36;p
650 _aLAW
_95701
942 _cJRL
999 _c7219
_d7217